LEADER 01135nam a2200193 i 4500 001 000000234969 003 CaOOAMICUS 005 20141027000000.0 008 141027s1793 it u000 u mul u 013 $a213872 026 $a9.ri e"he t.e- sual (3) 1793 (R) 040 $aSeMil$bita 245 10$aTomo 4. che contiene la quarta deca delle dissertazioni appartenenti al primo secolo della Chiesa. 300 $aVIII, 286, [2] p. 500 $aSegn. : a4 A-S8. 773 0 $aZaccaria, Francesco Antonio $tRaccolta di dissertazioni di storia ecclesiastica in italiano o scritte, o tradotte dal francese. Altre non più stampate, altre tratte da' giornali e da Raccolte d'Italia ... per opera di Francescantonio Zaccaria ... Tomo 1. [-22.].$dIn Roma : A spese di Natale Barbiellini mercante di libri a Pasquino : [poi]... nella Stamperia Salomoni, 1792-1797.$g4$w()30815 850 $aSeMil 852 $aSeMil$W1$xVenegono$y1$m3B II 63 FA$j185315$B185315$CSeMilBibl$Z2$F196193 $8I 996 $6245$aTomo 4. che contiene la quarta deca delle dissertazioni appartenenti al primo secolo della Chiesa$9(OLS)http://semarc/title/335152 LEADER 01168nam a2200253 i 4500 001 000000070835 003 CaOOAMICUS 005 20080926000000.0 008 080926s1962 fr u000 u fre u 013 $a42007 040 $aSeMil$bita 100 1 $aLavelle, Louis,$d<1883-1951>.$0(OLS)http://semarc/name/6521 245 10$aManuel de méthodologie dialectique /$cLouis Lavelle ; préface de Gisèle Brelet. 260 $aParis :$bPresses Universitaires de France,$c1962. 300 $aXIII, 179 p. ;$c22 cm. 490 0 $aBibliothèque de philosophie contemporaine 650 4$aDialettica .$0(OLS)http://semarc/subject/3331 650 4$aLavelle, Louis - Pensiero filosofico.$0(OLS)http://semarc/subject/14129 700 1 $aBrelet, Gisèle.$0(OLS)http://semarc/name/35249 830 0$aBibliothèque de philosophie contemporaine.$0(OLS)http://semarc/title/9305 850 $aSeMil 852 $aSeMil$W1$xVenegono$y1$m2P III 187$j36988$B36988$CSeMilBibl$Z2$F36991 $81 996 $6245$aManuel de méthodologie dialectique$9(OLS)http://semarc/title/113789 996 $6260$aParis :$bPresses Universitaires de France$9(OLS)http://semarc/publisher/30047